Religions et sociétés (Record no. 178979)

MARC details
000 -LEADER
campo de control de longitud fija 01278nam a2200229 i 4500
001 - NÚMERO DE CONTROL
campo de control 178979
003 - IDENTIFICADOR DE NÚMERO DE CONTROL
campo de control ES-MaACL
005 - FECHA Y HORA DE LA ÚLTIMA TRANSACCIÓN
campo de control 20250728111829.0
008 - DATOS DE LONGITUD FIJA--INFORMACIÓN GENERAL
campo de control de longitud fija 110817s1905 fr |||| | fre d
245 00 - MENCIÓN DEL TÍTULO
Título Religions et sociétés
Resto del título : leçons professées à l'Ecole des Hautes études sociales /
Mención de responsabilidad, etc. par MM. Théodore Reinach, A. Puech, Raoul Allier [et al.].
260 ## - PUBLICACIÓN, DISTRIBUCIÓN, ETC.
Lugar de publicación, distribución, etc. Paris :
Nombre del editor, distribuidor, etc. Félix Alcan,
Fecha de publicación, distribución, etc. 1905.
300 ## - DESCRIPCIÓN FÍSICA
Extensión XII, 286 p. ;
Dimensiones 22 cm.
490 1# - MENCIÓN DE SERIE
Mención de serie Bibliothèque générale des sciences sociales ;
Designación de volumen o secuencia 26
505 8# - NOTA DE CONTENIDO CON FORMATO
Nota de contenido con formato Contiene: Préface. - Du progrès en religion, par Théodore Reinach. - Le Christianisme des premiers siècles et la question sociale, par A. Puech. - Les frères du libre esprit, par Raoul Allier. - Le Christianisme et la démocratie, par Anatole Leroy-Beaulieu. - Le Christianisme et le socialisme, par Anatole Leroy-Beaulieu. - L'Islamisme en face de la civilisation moderne, par Carra de Vaux. - Le babisme et le béhaisme, par Hippolyte Dreyfus
650 07 - PUNTO DE ACCESO ADICIONAL DE MATERIA--TÉRMINO DE MATERIA
Término de materia o nombre geográfico como elemento de entrada Religiones
Fuente del encabezamiento o término embne
9 (RLIN) 16814
700 0# - ENTRADA AGREGADA--NOMBRE PERSONAL
Nombre de persona Reinach, Théodore.
9 (RLIN) 96040
700 0# - ENTRADA AGREGADA--NOMBRE PERSONAL
Nombre de persona Puech, Aimé.
9 (RLIN) 94127
700 0# - ENTRADA AGREGADA--NOMBRE PERSONAL
Nombre de persona Allier, Raoul.
9 (RLIN) 20038
830 00 - PUNTO DE ACCESO ADICIONAL DE SERIE-TÍTULO UNIFORME
Título uniforme Bibliothèque générale des sciences sociales
Designación de volumen o secuencia 26
9 (RLIN) 187778
852 ## - LOCALIZACIÓN
Ubicación ES-MaACL
Número de control de estantería C-23106
Holdings
Estatus retirado Estado de pérdida Estado de daño No para préstamo Biblioteca de origen Biblioteca actual Ubicación en estantería Fecha de adquisición Fuente de adquisición Total de préstamos Signatura topográfica completa Código de barras Visto por última vez Precio de reemplazo Tipo de ítem Koha
        Biblioteca del Ateneo de Madrid Biblioteca del Ateneo de Madrid Depósito 2 17/08/2011     C-23106 1188006 23/02/2023 23/02/2023 Libro impreso